<?xml version="1.0" encoding="UTF-8"?>
<record
    xmlns:xsi="http://www.w3.org/2001/XMLSchema-instance"
    xsi:schemaLocation="http://www.loc.gov/MARC21/slim http://www.loc.gov/standards/marcxml/schema/MARC21slim.xsd"
    xmlns="http://www.loc.gov/MARC21/slim">

  <leader>01428cam a2200397 i 4500</leader>
  <controlfield tag="001">xx003016400</controlfield>
  <controlfield tag="003">NUKAT</controlfield>
  <controlfield tag="005">20260312212225.0</controlfield>
  <controlfield tag="008">140203s1906    fr     g     |000 1 fre c</controlfield>
  <datafield tag="035" ind1=" " ind2=" ">
    <subfield code="a">(OCoLC)869965133</subfield>
  </datafield>
  <datafield tag="035" ind1=" " ind2=" ">
    <subfield code="a">(NUKAT)xx003016400</subfield>
  </datafield>
  <datafield tag="040" ind1=" " ind2=" ">
    <subfield code="a">GD PAN/AKW</subfield>
    <subfield code="c">GD PAN/AKWs</subfield>
  </datafield>
  <datafield tag="100" ind1="1" ind2=" ">
    <subfield code="a">Gobineau, Arthur de</subfield>
    <subfield code="d">(1816-1882).</subfield>
    <subfield code="9">37979</subfield>
  </datafield>
  <datafield tag="245" ind1="1" ind2="3">
    <subfield code="a">La Renaissance :</subfield>
    <subfield code="b">Savonarole, C&#xE9;sar Borgia, Jules II, L&#xE9;on X, Michel-Ange : sc&#xE8;ne historiques /</subfield>
    <subfield code="c">par Le comte de Gobineau.</subfield>
  </datafield>
  <datafield tag="250" ind1=" " ind2=" ">
    <subfield code="a">3 &#xE9;d.</subfield>
  </datafield>
  <datafield tag="260" ind1=" " ind2=" ">
    <subfield code="a">Paris :</subfield>
    <subfield code="b">Plon-Nourrit et Cie,</subfield>
    <subfield code="c">1906.</subfield>
  </datafield>
  <datafield tag="300" ind1=" " ind2=" ">
    <subfield code="a">566, [1] s. ;</subfield>
    <subfield code="c">20 cm.</subfield>
  </datafield>
  <datafield tag="336" ind1=" " ind2=" ">
    <subfield code="a">Tekst</subfield>
    <subfield code="b">txt</subfield>
    <subfield code="2">rdacontent</subfield>
  </datafield>
  <datafield tag="337" ind1=" " ind2=" ">
    <subfield code="a">Bez urz&#x105;dzenia po&#x15B;rednicz&#x105;cego</subfield>
    <subfield code="b">n</subfield>
    <subfield code="2">rdamedia</subfield>
  </datafield>
  <datafield tag="338" ind1=" " ind2=" ">
    <subfield code="a">Wolumin</subfield>
    <subfield code="b">nc</subfield>
    <subfield code="2">rdacarrier</subfield>
  </datafield>
  <datafield tag="380" ind1=" " ind2=" ">
    <subfield code="a">Ksi&#x105;&#x17C;ki</subfield>
  </datafield>
  <datafield tag="600" ind1="1" ind2="7">
    <subfield code="a">Savonarola, Girolamo</subfield>
    <subfield code="d">(1452-1498).</subfield>
    <subfield code="2">kaba</subfield>
    <subfield code="9">37974</subfield>
  </datafield>
  <datafield tag="600" ind1="1" ind2="7">
    <subfield code="a">Borgia, Cesare</subfield>
    <subfield code="d">(oko&#x142;o 1475-1507).</subfield>
    <subfield code="2">kaba</subfield>
    <subfield code="9">37975</subfield>
  </datafield>
  <datafield tag="600" ind1="0" ind2="7">
    <subfield code="a">Juliusz</subfield>
    <subfield code="b">II</subfield>
    <subfield code="c">(papie&#x17C; ;</subfield>
    <subfield code="d">1443-1513).</subfield>
    <subfield code="2">kaba</subfield>
    <subfield code="9">37976</subfield>
  </datafield>
  <datafield tag="600" ind1="0" ind2="7">
    <subfield code="a">Leon</subfield>
    <subfield code="b">X</subfield>
    <subfield code="c">(papie&#x17C; ;</subfield>
    <subfield code="d">1475-1521).</subfield>
    <subfield code="2">kaba</subfield>
    <subfield code="9">37977</subfield>
  </datafield>
  <datafield tag="600" ind1="1" ind2="4">
    <subfield code="a">Buonarroti, Michelangelo</subfield>
    <subfield code="d">(1475-1564).</subfield>
    <subfield code="2">kaba</subfield>
    <subfield code="9">16897</subfield>
  </datafield>
  <datafield tag="650" ind1=" " ind2="7">
    <subfield code="a">Renesans</subfield>
    <subfield code="2">DBN</subfield>
    <subfield code="9">37978</subfield>
  </datafield>
  <datafield tag="650" ind1=" " ind2="4">
    <subfield code="a">Renesans</subfield>
    <subfield code="z">W&#x142;ochy.</subfield>
    <subfield code="2">kaba</subfield>
    <subfield code="9">3179</subfield>
  </datafield>
  <datafield tag="651" ind1=" " ind2="7">
    <subfield code="a">W&#x142;ochy</subfield>
    <subfield code="2">DBN</subfield>
    <subfield code="9">37698</subfield>
  </datafield>
  <datafield tag="655" ind1=" " ind2="7">
    <subfield code="a">Dramat francuski</subfield>
    <subfield code="y">19 w.</subfield>
    <subfield code="2">kaba</subfield>
    <subfield code="9">37980</subfield>
  </datafield>
  <datafield tag="658" ind1=" " ind2=" ">
    <subfield code="a">Historia</subfield>
  </datafield>
  <datafield tag="658" ind1=" " ind2=" ">
    <subfield code="a">Kultura i sztuka</subfield>
  </datafield>
  <datafield tag="658" ind1=" " ind2=" ">
    <subfield code="a">Literaturoznawstwo</subfield>
  </datafield>
  <datafield tag="710" ind1="2" ind2=" ">
    <subfield code="a">Editions Plon.</subfield>
    <subfield code="4">pbl</subfield>
    <subfield code="9">3751</subfield>
  </datafield>
  <datafield tag="942" ind1=" " ind2=" ">
    <subfield code="2">ddc</subfield>
    <subfield code="c">BK_NM</subfield>
  </datafield>
  <datafield tag="999" ind1=" " ind2=" ">
    <subfield code="c">26980</subfield>
    <subfield code="d">26980</subfield>
  </datafield>
  <datafield tag="952" ind1=" " ind2=" ">
    <subfield code="0">0</subfield>
    <subfield code="1">0</subfield>
    <subfield code="2">ddc</subfield>
    <subfield code="4">0</subfield>
    <subfield code="7">0</subfield>
    <subfield code="8">PBKH</subfield>
    <subfield code="a">BIP</subfield>
    <subfield code="b">PBKH</subfield>
    <subfield code="d">2026-03-12</subfield>
    <subfield code="e">W-218/1969</subfield>
    <subfield code="f">W</subfield>
    <subfield code="i">12922</subfield>
    <subfield code="l">0</subfield>
    <subfield code="o">12922</subfield>
    <subfield code="p">IPWK16529</subfield>
    <subfield code="r">2026-03-12 21:24:05</subfield>
    <subfield code="w">2026-03-12</subfield>
    <subfield code="y">BK_NM</subfield>
  </datafield>
</record>
